Tazkarat masrija /

محفوظ في:

المؤلف الرئيسي: Americi, Andrea (مؤلف)

التنسيق: كتاب

اللغة: Italian

الموضوعات:

الوسوم: إضافة وسم

لا توجد وسوم, كن أول من يضع وسما على هذه التسجيلة!

رقم الطلب: PQ4861 .M45 T3 1970

LEADER 00846namaa2200253 4500
001 15884
003 OSt
005 20201114075008.0
008 130303s1970 it af g 000 0 ita d
952 |0 0  |1 0  |2 lcc  |4 0  |6 PQ4861 M45 T3 01970  |7 1  |9 7567  |a ARCE  |b ARCE  |d 2020-11-14  |l 0  |o PQ4861 .M45 T3 1970  |p 1039539  |r 2020-11-14 00:00:00  |w 2020-11-14  |y BK 
999 |c 15654  |d 15654 
040 |c ARCE Library 
043 |a f-ua--- 
050 0 4 |a PQ4861 .M45 T3 1970 
100 1 |a Americi, Andrea,  |e author  |9 25309 
245 1 0 |a Tazkarat masrija /   |c Andrea Americi. 
264 1 |a Postoia :  |b Tip. pistoiese,  |c 1970. 
300 |a 65 pages :  |b illustrations, plates ;  |c 25 cm. 
336 |a text  |b txt  |2 rdacontent 
337 |a unmediated  |b n  |2 rdamedia 
338 |a volume  |b nc  |2 rdacarrier 
651 0 |a Egypt  |x Description and travel  |v Poetry. 
901 |a reviewed 
942 |c BK  |2 lcc